University Home | Library Home | Institutional Repository

Dongas and dogma : (Record no. 59595)

MARC details
000 -LEADER
fixed length control field 00537cam3a220018100 4500
001 - CONTROL NUMBER
control field tmp16044015
003 - CONTROL NUMBER IDENTIFIER
control field UPRA
005 - DATE AND TIME OF LATEST TRANSACTION
control field 20190815094423.0
008 - FIXED-LENGTH DATA ELEMENTS--GENERAL INFORMATION
fixed length control field 951129s1991 sa eng u
035 ## - SYSTEM CONTROL NUMBER
System control number (Sirsi) r75477
035 ## - SYSTEM CONTROL NUMBER
System control number (UPRA)tmp16044015
040 ## - CATALOGING SOURCE
Transcribing agency UPRA
100 1# - MAIN ENTRY--PERSONAL NAME
Personal name Moll, Eugene John.
Linkage A35882.1
245 10 - TITLE STATEMENT
Title Dongas and dogma :
Remainder of title assessing apartheid's ecological impact /
Statement of responsibility, etc. E.J. Moll.
260 ## - PUBLICATION, DISTRIBUTION, ETC.
Place of publication, distribution, etc. Capetown :
Name of publisher, distributor, etc. University of Capetown,
Date of publication, distribution, etc. 1991.
949 ## - LOCAL PROCESSING INFORMATION (OCLC)
a (O8)U.C.N.SER/160
w lcc
m MAIN
t BOOK
l ON-SHELF

No items available.

© 2026 - The University of Zambia Library - Koha v25.11